Paesi con più siti "culturali" UNESCO - Statistics

Statistiche generali
  • Questo quiz è stato fatto 52 volte
  • Il punteggio medio è 22 su 24
Statistiche sulle risposte
N° di siti culturali N° totale di siti Continente Paese % Corretto
41 60 Asia Cina
100%
45 54 Europa Francia
100%
55 61 Europa Italia
100%
52 55 Europa Germania
98%
28 36 Americhe Messico
98%
44 50 Europa Spagna
98%
21 26 Asia Giappone
96%
29 35 Europa Regno Unito
96%
22 33 Europa/Asia Russia
96%
13 26 Americhe Stati Uniti
96%
20 22 Asia/Europa Turchia
96%
15 25 Americhe Brasile
93%
10 22 Americhe Canada
91%
18 20 Europa Grecia
91%
36 44 Asia India
91%
12 13 Europa Paesi Bassi
91%
15 16 Europa Belgio
89%
15 17 Europa Polonia
89%
16 17 Europa Portogallo
89%
11 12 Europa Austria
87%
13 15 Europa Svezia
87%
27 29 Asia Iran
82%
16 17 Europa Cechia
76%
15 17 Asia Corea del Sud
76%
Nessun quiz corrispondente trovato
Distribuzione punteggi
Percentuale di utenti per punteggio
Percentile per numero di risposta
I tuoi punteggi nel tempo
Non hai fatto questo quiz